[Event "Catalunya-chT Gp2"]
[Site "Barcelona"]
[Date "2024.02.24"]
[Round "6.10"]
[White "Parra Ordorica, Arnau"]
[Black "Gonzalez Garcia, Marc"]
[Result "1/2-1/2"]
[WhiteElo "1865"]
[BlackElo "2125"]
[PlyCount "90"]
[EventDate "2024.01.20"]
[EventType "team-tourn"]
[EventRounds "7"]
[EventCountry "ESP"]
[SourceTitle "CB11_2024"]
[SourceDate "2024.03.13"]
[SourceVersion "1"]
[SourceVersionDate "2024.03.13"]
[SourceQuality "1"]
[WhiteTeam "Llinars"]
[BlackTeam "Geva CEA"]
[WhiteTeamCountry "ESP"]
[BlackTeamCountry "ESP"]

1. d4 d5 2. c4 e6 3. Nc3 c5 4. cxd5 exd5 5. Nf3 Nc6 6. g3 Nf6 7. Bg2 cxd4 8. Nxd4 Bc5 9. Nb3 Bb6 10. 0-0 d4 11. Na4 0-0 12. Nxb6 axb6 13. Bg5 h6 14. Bxc6 bxc6 15. Bxf6 Qxf6 16. Qxd4 c5 17. Qxf6 gxf6 18. Nd2 Be6 19. Ne4 Rxa2 20. Nxf6+ Kg7 21. Rxa2 Bxa2 22. Nd7 Re8 23. e3 Re6 24. Rd1 c4 25. Kf1 b5 26. Ra1 Ra6 27. Nc5 Ra8 28. Ke1 b4 29. b3 cxb3 30. Nxb3 Ra3 31. Nc1 Be6 32. Rb1 Ra4 33. f3 Bc4 34. Kd2 Kf6 35. Rb2 Ke6 36. Rc2 Kd5 37. h4 f5 38. g4 fxg4 39. fxg4 b3 40. Rb2 Ke4 41. g5 hxg5 42. hxg5 Ra5 43. Kc3 Bg8 44. Nxb3 Bxb3 45. Rxb3 Rxg5 1/2-1/2

[Event "Catalunya-chT Gp2"]
[Site "Barcelona"]
[Date "2024.02.10"]
[Round "4.8"]
[White "Rovira Vila, Jaume"]
[Black "Gonzalez Garcia, Marc"]
[Result "1/2-1/2"]
[WhiteElo "2074"]
[BlackElo "2125"]
[PlyCount "47"]
[EventDate "2024.01.20"]
[EventType "team-tourn"]
[EventRounds "7"]
[EventCountry "ESP"]
[SourceTitle "CB11_2024"]
[SourceDate "2024.03.13"]
[SourceVersion "1"]
[SourceVersionDate "2024.03.13"]
[SourceQuality "1"]
[WhiteTeam "Barcelona Escacs CC"]
[BlackTeam "Geva CEA"]
[WhiteTeamCountry "ESP"]
[BlackTeamCountry "ESP"]

1. Nf3 d5 2. b3 Bg4 3. Bb2 Bxf3 4. exf3 e6 5. g3 Nf6 6. Bg2 g6 7. Qe2 c6 8. 0-0 Bg7 9. d3 0-0 10. f4 c5 11. Nd2 Nc6 12. Nf3 Rc8 13. c4 dxc4 14. dxc4 Qc7 15. Rfd1 Rfd8 16. Bc3 Ne8 17. Ne5 Nxe5 18. fxe5 b6 19. f4 Rxd1+ 20. Rxd1 Rd8 21. Rd3 Rxd3 22. Qxd3 f6 23. exf6 Bxf6 24. Bf3 1/2-1/2

[Event "Catalunya-chT Gp1"]
[Site "Barcelona"]
[Date "2023.03.04"]
[Round "7.9"]
[White "Gonzalez Garcia, Marc"]
[Black "Chalmeta Ugas, Jordi Ramon"]
[Result "0-1"]
[WhiteElo "2135"]
[BlackElo "2158"]
[PlyCount "38"]
[EventDate "2023.01.21"]
[EventType "team-tourn"]
[EventRounds "7"]
[EventCountry "ESP"]
[SourceTitle "CBM 213 Extra"]
[Source "ChessBase"]
[SourceDate "2023.05.31"]
[SourceVersion "1"]
[SourceVersionDate "2023.05.31"]
[SourceQuality "1"]
[WhiteTeam "Andorra"]
[BlackTeam "Foment Martinenc"]
[WhiteTeamCountry "AND"]
[BlackTeamCountry "ESP"]

1. d4 Nf6 2. Nf3 g6 3. c4 Bg7 4. Nc3 d5 5. cxd5 Nxd5 6. e4 Nxc3 7. bxc3 c5 8. Be3 Qa5 9. Qd2 0-0 10. Rb1 cxd4 11. cxd4 Nc6 12. d5 Bc3 13. dxc6 Bxd2+ 14. Bxd2 Qxa2 15. Rc1 bxc6 16. Bc4 Qa4 17. 0-0 Ba6 18. Ne5 Bxc4 19. Rxc4 Qb5 0-1

[Event "Catalunya-chT Gp1"]
[Site "Barcelona"]
[Date "2023.01.21"]
[Round "?"]
[White "Gonzalez Garcia, Marc"]
[Black "Ramirez Carrizo, Victor Jose"]
[Result "1/2-1/2"]
[WhiteElo "2135"]
[BlackElo "2178"]
[PlyCount "53"]
[EventDate "2023.01.21"]
[EventType "team-tourn"]
[EventRounds "7"]
[EventCountry "ESP"]
[SourceTitle "CBM 212 Extra"]
[Source "ChessBase"]
[SourceDate "2023.03.31"]
[SourceVersion "1"]
[SourceVersionDate "2023.03.31"]
[SourceQuality "1"]
[WhiteTeam "Andorra"]
[BlackTeam "Barbera"]
[WhiteTeamCountry "AND"]
[BlackTeamCountry "ESP"]

1. d4 d5 2. Nf3 c5 3. e3 Nf6 4. c3 e6 5. Nbd2 Bd6 6. Bd3 0-0 7. 0-0 Nc6 8. h3 b6 9. e4 cxd4 10. Nxd4 Nxd4 11. cxd4 dxe4 12. Nxe4 Bb7 13. Qf3 Bd5 14. Nxf6+ Qxf6 15. Qxf6 gxf6 16. Be3 Rac8 17. Rfc1 Kg7 18. a3 f5 19. f3 Kf6 20. Rxc8 Rxc8 21. Rc1 Rxc1+ 22. Bxc1 h5 23. f4 h4 24. Kf2 Kg6 25. g3 hxg3+ 26. Kxg3 Be7 27. Be3 1/2-1/2

[Event "Catalunya-chT Gp1"]
[Site "Barcelona"]
[Date "2022.03.12"]
[Round "8.6"]
[White "Oms Fuentes, Lluis"]
[Black "Gonzalez Garcia, Marc"]
[Result "1/2-1/2"]
[WhiteElo "2307"]
[BlackElo "2117"]
[PlyCount "96"]
[EventDate "2022.01.22"]
[EventType "team-tourn"]
[EventRounds "9"]
[EventCountry "ESP"]
[SourceTitle "CBM 208 Extra"]
[Source "ChessBase"]
[SourceDate "2022.07.31"]
[SourceVersion "1"]
[SourceVersionDate "2022.07.31"]
[SourceQuality "1"]
[WhiteTeam "Barcelona Escacs CC"]
[BlackTeam "Geva CEA"]
[WhiteTeamCountry "ESP"]
[BlackTeamCountry "ESP"]

1. e4 c6 2. d4 d5 3. exd5 cxd5 4. c4 Nf6 5. Nc3 e6 6. Nf3 Bb4 7. a3 Bxc3+ 8. bxc3 0-0 9. Qc2 b6 10. Bg5 Ba6 11. Ne5 Nbd7 12. Bd3 h6 13. Bh4 Qc8 14. Nxd7 Nxd7 15. cxd5 Bxd3 16. Qxd3 exd5 17. 0-0 Re8 18. Rac1 Qc4 19. Qh3 Re6 20. f4 Rae8 21. Rf3 f6 22. Qg4 R6e7 23. h3 b5 24. Kh2 Qc6 25. Qg6 Re3 26. Rcf1 Nf8 27. Qg3 Rxf3 28. Rxf3 f5 29. Re3 Re4 30. Rxe4 dxe4 31. d5 Qxd5 32. Bf6 Qf7 33. Be5 Ng6 34. Bd4 Kh7 35. Qf2 a6 36. g3 Qc4 37. g4 Qe6 38. Qg3 Ne7 39. Kg1 Qg6 40. Kf2 h5 41. Qh4 Qf7 42. gxh5 Qa2+ 43. Kg3 Qf7 44. Qg5 Ng8 45. Kf2 Ne7 46. Kg3 Ng8 47. Kf2 Ne7 48. Kg3 Ng8 1/2-1/2

[Event "Catalunya-chT Gp1"]
[Site "Barcelona"]
[Date "2022.03.05"]
[Round "7.5"]
[White "Sierra Montoya, Miquel"]
[Black "Gonzalez Garcia, Marc"]
[Result "1-0"]
[WhiteElo "2170"]
[BlackElo "2117"]
[PlyCount "49"]
[EventDate "2022.01.22"]
[EventType "team-tourn"]
[EventRounds "9"]
[EventCountry "ESP"]
[SourceTitle "EXT 2023"]
[Source "ChessBase"]
[SourceDate "2022.10.05"]
[SourceVersion "1"]
[SourceVersionDate "2022.10.05"]
[SourceQuality "1"]
[WhiteTeam "Sant Cugat"]
[BlackTeam "Geva CEA"]
[WhiteTeamCountry "ESP"]
[BlackTeamCountry "ESP"]

1. e4 e5 2. Nf3 Nc6 3. d4 exd4 4. Nxd4 Nf6 5. Nxc6 bxc6 6. e5 Nd5 7. c4 Nb6 8. Bd3 Qh4 9. 0-0 Ba6 10. Nd2 Be7 11. Nf3 Qh5 12. b3 c5 13. Be4 Rd8 14. a4 f5 15. Bd3 Bb7 16. a5 Nc8 17. Be2 0-0 18. a6 Ba8 19. Ng5 Qh4 20. g3 Qd4 21. Be3 Qxe5 22. Bf4 Qf6 23. Bf3 Nd6 24. Bd5+ Kh8 25. Nxh7 1-0

[Event "Catalunya-chT Gp1"]
[Site "Barcelona"]
[Date "2020.01.25"]
[Round "2.6"]
[White "Gonzalez Garcia, Marc"]
[Black "Molina Carretero, Daniel"]
[Result "0-1"]
[WhiteElo "2139"]
[BlackElo "2157"]
[PlyCount "98"]
[EventDate "2020.01.18"]
[EventType "team-tourn"]
[EventRounds "7"]
[EventCountry "ESP"]
[SourceTitle "CBM 194 Extra"]
[Source "ChessBase"]
[SourceDate "2020.03.31"]
[SourceVersion "1"]
[SourceVersionDate "2020.03.31"]
[SourceQuality "1"]
[WhiteTeam "Tres Peons"]
[BlackTeam "Gerunda"]
[WhiteTeamCountry "ESP"]
[BlackTeamCountry "ESP"]

1. d4 Nf6 2. c4 e6 3. Nf3 b6 4. g3 Ba6 5. Qc2 c5 6. d5 exd5 7. cxd5 g6 8. Nc3 Bg7 9. Bg2 0-0 10. 0-0 Re8 11. Re1 d6 12. a4 Bb7 13. Nd2 Na6 14. Nc4 Nb4 15. Qd1 Ba6 16. Nb5 Bxb5 17. axb5 Ng4 18. Bf4 Ne5 19. Bxe5 Bxe5 20. e3 Qd7 21. Bf1 Bf6 22. Qd2 Rac8 23. Ra3 Rc7 24. Rea1 Re7 25. Ra4 Kg7 26. Na3 Qf5 27. Rd1 h5 28. Nb1 h4 29. Nc3 Rc8 30. Bg2 Bg5 31. Qe2 hxg3 32. hxg3 Rce8 33. Qf3 Qd7 34. Rda1 Bf6 35. Qd1 Rh8 36. Qd2 Rhe8 37. Rxa7 Qxa7 38. Rxa7 Rxa7 39. Ne4 Ra1+ 40. Kh2 Rh8+ 41. Bh3 Be7 42. Qc3+ f6 43. Kg2 Rh5 44. Be6 Nxd5 45. Qb3 Nc7 46. Bg8 d5 47. g4 Re5 48. Bxd5 Nxd5 49. f4 c4 0-1

[Event "Catalunya-chT Gp2"]
[Site "Barcelona"]
[Date "2019.01.19"]
[Round "1.5"]
[White "Gonzalez Garcia, Marc"]
[Black "Gonzalez Maza, Rafael"]
[Result "1-0"]
[WhiteElo "2177"]
[BlackElo "2152"]
[PlyCount "95"]
[EventDate "2019.01.19"]
[EventType "team-tourn"]
[EventRounds "7"]
[EventCountry "ESP"]
[SourceTitle "CBM 188 Extra"]
[Source "ChessBase"]
[SourceDate "2019.02.26"]
[SourceVersion "1"]
[SourceVersionDate "2019.02.26"]
[SourceQuality "1"]
[WhiteTeam "Tres Peons"]
[BlackTeam "Andorra"]
[WhiteTeamCountry "ESP"]
[BlackTeamCountry "AND"]

1. Nf3 d5 2. c4 e6 3. e3 g6 4. Nc3 Bg7 5. d4 Ne7 6. Bd3 dxc4 7. Bxc4 Nbc6 8. 0-0 0-0 9. a3 Nd5 10. Bd2 Nce7 11. Rc1 Nxc3 12. Bxc3 Nd5 13. Bd2 Nb6 14. Ba2 Bd7 15. Qe2 a6 16. Rfd1 Bb5 17. Qe1 Nd7 18. Bc4 Bxc4 19. Rxc4 Re8 20. e4 c6 21. Bg5 f6 22. Be3 Bf8 23. Rc2 Bd6 24. Qe2 Qe7 25. g3 Rad8 26. e5 Bb8 27. exf6 Nxf6 28. Bg5 Rd5 29. Re1 Qf8 30. Kg2 Rf5 31. Be3 Nd5 32. Nh4 Rf7 33. f4 Nxe3+ 34. Qxe3 Rd7 35. Nf3 Ba7 36. Rd2 Qd6 37. h4 Qd5 38. Kh2 Rd6 39. Qc3 Red8 40. Re5 Qa2 41. h5 Rd5 42. hxg6 hxg6 43. Qc2 Kg7 44. Nh4 Rxe5 45. Qxg6+ Kf8 46. fxe5 Bxd4 47. Qh7 Bg1+ 48. Kh3 1-0

[Event "Catalunya-chT GpA final"]
[Site "Barcelona"]
[Date "2018.03.10"]
[Round "1.5"]
[White "Gonzalez Garcia, Marc"]
[Black "Montilla Carrillo, Esteban"]
[Result "1-0"]
[WhiteElo "2238"]
[BlackElo "2233"]
[PlyCount "98"]
[EventDate "2018.03.10"]
[EventType "team-tourn"]
[EventRounds "4"]
[EventCountry "ESP"]
[SourceTitle "CBM 183 Extra"]
[Source "ChessBase"]
[SourceDate "2018.04.19"]
[SourceVersion "1"]
[SourceVersionDate "2018.04.19"]
[SourceQuality "1"]
[WhiteTeam "Tres Peons"]
[BlackTeam "Mollet"]
[WhiteTeamCountry "ESP"]
[BlackTeamCountry "ESP"]

1. d4 d5 2. c4 e6 3. Nc3 c6 4. Qc2 f5 5. Bf4 Nf6 6. e3 Be7 7. h3 Ne4 8. Nf3 Nd7 9. Bd3 Ndf6 10. 0-0 0-0 11. Ne5 Nh5 12. Bh2 g5 13. Ne2 Qe8 14. f3 Nd6 15. g4 Ng7 16. c5 Nf7 17. b4 Nxe5 18. dxe5 Bd7 19. a4 a6 20. Nd4 Kh8 21. Rab1 Rc8 22. Kg2 h5 23. Qe2 Qg6 24. Bg3 Qh6 25. Rh1 h4 26. Bh2 Rf7 27. Rhf1 Rcf8 28. Rbc1 Rc8 29. Bg1 Rff8 30. Bf2 Be8 31. Be1 Bg6 32. Bc3 fxg4 33. fxg4 Qh7 34. Bxg6 Qxg6 35. Qc2 Qxc2+ 36. Rxc2 Rxf1 37. Kxf1 a5 38. Rb2 Rc7 39. Nb3 axb4 40. Bxb4 Rd7 41. Ba5 Kg8 42. Bb6 Bf8 43. Nd4 Be7 44. Ke2 Bf8 45. a5 Kf7 46. Ra2 Ne8 47. a6 bxa6 48. Rxa6 Bg7 49. Nxc6 Rb7 1-0

[Event "Catalunya-chT Gp1"]
[Site "Barcelona"]
[Date "2017.03.04"]
[Round "7.5"]
[White "Gonzalez Garcia, Marc"]
[Black "Coll Ortega, Jordi"]
[Result "1/2-1/2"]
[WhiteElo "2227"]
[BlackElo "2243"]
[PlyCount "77"]
[EventDate "2017.01.21"]
[EventType "team-tourn"]
[EventRounds "7"]
[EventCountry "ESP"]
[SourceTitle "EXT 2018"]
[Source "ChessBase"]
[SourceDate "2017.10.13"]
[SourceVersion "1"]
[SourceVersionDate "2017.10.13"]
[SourceQuality "1"]
[WhiteTeam "Tres Peons"]
[BlackTeam "Lleida"]
[WhiteTeamCountry "ESP"]
[BlackTeamCountry "ESP"]

1. d4 Nf6 2. Nf3 g6 3. e3 Bg7 4. Be2 0-0 5. 0-0 d6 6. b3 Nbd7 7. Bb2 b6 8. c4 Bb7 9. Nc3 e5 10. dxe5 dxe5 11. Qc2 e4 12. Nd2 Qe7 13. Rfd1 Rfe8 14. Nf1 a6 15. Rd2 h5 16. Nd5 Nxd5 17. cxd5 Bxb2 18. Qxb2 Nf6 19. d6 cxd6 20. Qd4 Qe5 21. Qxe5 dxe5 22. Rd6 Re6 23. Rxe6 fxe6 24. Rc1 Rc8 25. Rxc8+ Bxc8 26. Nd2 b5 27. a4 Bd7 28. axb5 axb5 29. Kf1 Kf8 30. Ke1 Ke7 31. Kd1 Bc6 32. Kc2 Kd6 33. b4 Kc7 34. h4 Nd5 35. Kb3 Ne7 36. g3 Nf5 37. Kc3 Ne7 38. Kb3 Kb6 39. Bd1 1/2-1/2

[Event "Catalunya-chT Gp1"]
[Site "Barcelona"]
[Date "2017.01.28"]
[Round "2.4"]
[White "Gonzalez Garcia, Marc"]
[Black "Luna Cortes, Luis"]
[Result "0-1"]
[WhiteElo "2227"]
[BlackElo "2270"]
[PlyCount "58"]
[EventDate "2017.01.21"]
[EventType "team-tourn"]
[EventRounds "7"]
[EventCountry "ESP"]
[SourceTitle "CBM 176 Extra"]
[Source "ChessBase"]
[SourceDate "2017.03.02"]
[SourceVersion "1"]
[SourceVersionDate "2017.03.02"]
[SourceQuality "1"]
[WhiteTeam "Tres Peons"]
[BlackTeam "Mollet"]
[WhiteTeamCountry "ESP"]
[BlackTeamCountry "ESP"]

1. d4 d5 2. Bf4 e6 3. e3 Bd6 4. Bg3 Nf6 5. Nd2 c5 6. c3 0-0 7. Ngf3 b6 8. Ne5 Qc7 9. Bd3 Ba6 10. Bc2 Nc6 11. f4 Rac8 12. Rc1 g6 13. Bh4 Be7 14. Bxf6 Bxf6 15. h4 cxd4 16. exd4 Nxe5 17. fxe5 Bxe5 18. dxe5 Qxe5+ 19. Kf2 d4 20. Nf3 Qe3+ 21. Kg3 dxc3 22. bxc3 Rxc3 23. Bb3 Qe5+ 24. Kh3 Qf5+ 25. Kg3 Rd3 26. Qe1 e5 27. Bc2 Qf4+ 28. Kf2 Ra3 29. Kg1 Rc8 0-1

[Event "Catalunya-chT Gp1"]
[Site "Barcelona"]
[Date "2017.01.21"]
[Round "1.5"]
[White "Gonzalez Garcia, Marc"]
[Black "Ezquerro Luque, Albert"]
[Result "1-0"]
[WhiteElo "2227"]
[BlackElo "2127"]
[PlyCount "129"]
[EventDate "2017.01.21"]
[EventType "team-tourn"]
[EventRounds "7"]
[EventCountry "ESP"]
[SourceTitle "CBM 176 Extra"]
[Source "ChessBase"]
[SourceDate "2017.03.02"]
[SourceVersion "1"]
[SourceVersionDate "2017.03.02"]
[SourceQuality "1"]
[WhiteTeam "Tres Peons"]
[BlackTeam "Peona I Peo"]
[WhiteTeamCountry "ESP"]
[BlackTeamCountry "ESP"]

1. d4 Nf6 2. Bg5 e6 3. Nd2 c5 4. c3 Nc6 5. e3 b6 6. Ngf3 Bb7 7. Bd3 Be7 8. 0-0 h6 9. Bh4 g5 10. Bg3 d6 11. dxc5 bxc5 12. Bb5 Nh5 13. Nc4 Nxg3 14. fxg3 Qc7 15. e4 0-0-0 16. Qa4 g4 17. Nfd2 Bg5 18. Nb3 f6 19. Nba5 Nb8 20. Nxb7 Qxb7 21. Na5 Qb6 22. Kh1 d5 23. exd5 Rxd5 24. Bc4 Rd7 25. b4 cxb4 26. Rab1 Rhd8 27. Rxb4 Qd6 28. Rbb1 h5 29. Qb3 e5 30. Nb7 Qb6 31. Nxd8 Qxb3 32. Rxb3 Rxd8 33. Rfb1 Nc6 34. Ba6+ Kc7 35. Rb7+ Kd6 36. Rd1+ Ke6 37. Rxd8 Nxd8 38. Rxa7 e4 39. Bc8+ Ke5 40. Ra5+ Kd6 41. Kg1 Be3+ 42. Kf1 Bc5 43. Bf5 Nb7 44. Rb5 Kc6 45. Rxb7 Kxb7 46. Bxe4+ Kc7 47. Bg6 Kd6 48. Bxh5 f5 49. h3 Kd5 50. hxg4 fxg4 51. Ke2 Kc4 52. Kd2 Bd6 53. Bxg4 Bxg3 54. Be6+ Kc5 55. Kd3 Kd6 56. Bc8 Kc5 57. Be6 Kd6 58. Bg8 Kc5 59. Bf7 Be5 60. g4 Bf6 61. a4 Bd8 62. Bc4 Kd6 63. Bb5 Kc5 64. Ke4 Bf6 65. c4 1-0

[Event "Barcelona Vila Gracia op 10th"]
[Site "Barcelona"]
[Date "2016.10.07"]
[Round "2.4"]
[White "Bieg Pagel, Clemens"]
[Black "Gonzalez Garcia, Marc"]
[Result "1/2-1/2"]
[WhiteElo "1883"]
[BlackElo "2229"]
[PlyCount "88"]
[EventDate "2016.09.30"]
[EventType "swiss"]
[EventRounds "9"]
[EventCountry "ESP"]
[SourceTitle "EXT 2024"]
[Source "ChessBase"]
[SourceDate "2023.10.10"]
[SourceVersion "1"]
[SourceVersionDate "2023.10.10"]
[SourceQuality "1"]

1. e4 g6 2. d4 Bg7 3. Nc3 c6 4. Nf3 d5 5. exd5 cxd5 6. Bb5+ Nc6 7. Bf4 Bg4 8. h3 Bxf3 9. Qxf3 e6 10. Bxc6+ bxc6 11. Rd1 Ne7 12. Bg5 0-0 13. Bf6 Bxf6 14. Qxf6 Nf5 15. Qxd8 Rfxd8 16. Na4 Rab8 17. c3 Nd6 18. f3 a5 19. Rb1 Rb5 20. Kd1 Rdb8 21. Kc2 Nc4 22. Rhe1 Kf8 23. Kc1 Ke7 24. b3 Nb6 25. Nxb6 R5xb6 26. Kc2 Kd6 27. a3 c5 28. dxc5+ Kxc5 29. b4+ Kc4 30. Rbd1 a4 31. Rd4+ Kb5 32. c4+ Kc6 33. c5 R6b7 34. Kd3 Re8 35. Rh4 f6 36. f4 Rf7 37. g4 e5 38. f5 gxf5 39. gxf5 Rg8 40. Rg4 Rfg7 41. Reg1 Rxg4 42. Rxg4 Rxg4 43. hxg4 h6 44. Kc3 Kb5 1/2-1/2

[Event "Catalunya-chT GpA final"]
[Site "Barcelona"]
[Date "2015.04.11"]
[Round "10.3"]
[White "Gonzalez Garcia, Marc"]
[Black "Akbarinia, Sayed Arash"]
[Result "0-1"]
[WhiteElo "2236"]
[BlackElo "2381"]
[PlyCount "92"]
[EventDate "2015.03.14"]
[EventType "team-tourn"]
[EventRounds "11"]
[EventCountry "ESP"]
[SourceTitle "EXT 2016"]
[Source "ChessBase"]
[SourceDate "2015.10.08"]
[SourceVersion "1"]
[SourceVersionDate "2015.10.08"]
[SourceQuality "1"]
[WhiteTeam "Tres Peons"]
[BlackTeam "Sant Andreu"]
[WhiteTeamCountry "ESP"]
[BlackTeamCountry "ESP"]

1. d4 d5 2. Nf3 c6 3. Bf4 Qb6 4. Qc1 Nf6 5. e3 Bf5 6. Be2 h6 7. h3 Nbd7 8. Nbd2 c5 9. c3 e6 10. Ne5 Nxe5 11. Bxe5 Nd7 12. Bg3 Be7 13. 0-0 0-0 14. Nf3 c4 15. Bd1 Bd6 16. Bxd6 Qxd6 17. a4 Bd3 18. Re1 f5 19. Bc2 Be4 20. Nh2 e5 21. f3 Bxc2 22. Qxc2 Rae8 23. Rad1 Qc6 24. dxe5 Nxe5 25. Nf1 Nd3 26. Rxd3 cxd3 27. Qxd3 f4 28. Re2 Kh8 29. a5 Qc5 30. b4 Qc6 31. Kf2 Rc8 32. Rc2 Qa4 33. Rc1 Rfd8 34. exf4 d4 35. c4 Qxb4 36. f5 Qxa5 37. f6 gxf6 38. Nd2 Qg5 39. Re1 Rg8 40. g4 Qh4+ 41. Ke2 Rge8+ 42. Ne4 Qxh3 43. Qxd4 Qg2+ 44. Ke3 Rc6 45. Qd7 Rce6 46. Qxb7 Qg3 0-1

[Event "Catalunya-chT GpA final"]
[Site "Barcelona"]
[Date "2015.03.21"]
[Round "9.1"]
[White "Gonzalez Garcia, Marc"]
[Black "Gomez Jurado, Luis Alberto"]
[Result "1/2-1/2"]
[WhiteElo "2236"]
[BlackElo "2344"]
[PlyCount "107"]
[EventDate "2015.03.14"]
[EventType "team-tourn"]
[EventRounds "11"]
[EventCountry "ESP"]
[SourceTitle "EXT 2016"]
[Source "ChessBase"]
[SourceDate "2015.10.08"]
[SourceVersion "1"]
[SourceVersionDate "2015.10.08"]
[SourceQuality "1"]
[WhiteTeam "Tres Peons"]
[BlackTeam "Barbera"]
[WhiteTeamCountry "ESP"]
[BlackTeamCountry "ESP"]

1. d4 d5 2. Nf3 Nf6 3. c4 c6 4. Nc3 e6 5. cxd5 exd5 6. Bg5 Be7 7. Qc2 Be6 8. e3 h6 9. Bh4 Nh5 10. Bxe7 Qxe7 11. Be2 Nf6 12. 0-0 Nbd7 13. b4 0-0 14. b5 cxb5 15. Bxb5 Rac8 16. Bxd7 Qxd7 17. Qb2 Ne4 18. Ne2 Nd6 19. Ne5 Qb5 20. Qxb5 Nxb5 21. Rfc1 Na3 22. Rxc8 Rxc8 23. Rc1 Rxc1+ 24. Nxc1 Kf8 25. Kf1 Ke7 26. Ke2 g5 27. Kd2 f6 28. Nf3 Bf5 29. Ne1 Nb1+ 30. Kd1 Nc3+ 31. Kd2 Ne4+ 32. Ke2 Bd7 33. f3 Bb5+ 34. Ned3 Nd6 35. Kf2 a5 36. g4 b6 37. Nb2 a4 38. Nbd3 Bc4 39. Ke1 Bb5 40. Nb4 Ke6 41. Kf2 Bc4 42. Ke1 Bb5 43. Ne2 Bc4 44. Nc3 b5 45. e4 dxe4 46. fxe4 Kf7 47. Kf2 Be6 48. Kg3 Bd7 49. h3 Ke7 50. Kf3 Bc8 51. Ncd5+ Kf7 52. Nc3 Ke7 53. Ncd5+ Kf7 54. Nc3 1/2-1/2

[Event "Catalunya-chT Gp1"]
[Site "Barcelona"]
[Date "2015.03.07"]
[Round "7.2"]
[White "Dalo, Hermes"]
[Black "Gonzalez Garcia, Marc"]
[Result "0-1"]
[WhiteElo "2258"]
[BlackElo "2236"]
[PlyCount "110"]
[EventDate "2015.01.24"]
[EventType "team-tourn"]
[EventRounds "7"]
[EventCountry "ESP"]
[SourceTitle "EXT 2016"]
[Source "ChessBase"]
[SourceDate "2015.10.08"]
[SourceVersion "1"]
[SourceVersionDate "2015.10.08"]
[SourceQuality "1"]
[WhiteTeam "Catalunya"]
[BlackTeam "Tres Peons"]
[WhiteTeamCountry "ESP"]
[BlackTeamCountry "ESP"]

1. d4 Nf6 2. Nf3 d5 3. c4 e6 4. Nc3 Bb4 5. e3 0-0 6. Bd3 c5 7. 0-0 Nc6 8. a3 Bxc3 9. bxc3 Qc7 10. h3 Re8 11. Bb2 Na5 12. cxd5 exd5 13. Ne5 c4 14. Bc2 Ne4 15. Qh5 g6 16. Qh6 Nb3 17. Rad1 Nd6 18. Qf4 Qe7 19. a4 Bf5 20. Bxf5 Nxf5 21. g4 Ng7 22. Rfe1 f6 23. Nf3 g5 24. Qg3 Qd7 25. Nd2 Nxd2 26. Rxd2 h5 27. a5 hxg4 28. hxg4 f5 29. gxf5 Qxf5 30. Qg2 g4 31. Rde2 Re4 32. Ba3 Ne6 33. f4 Rd8 34. Qg3 Kf7 35. Rb1 Rd7 36. Reb2 Nd8 37. Kf2 Re8 38. Bc5 Ne6 39. Rxb7 Red8 40. Bd6 Ng5 41. Kg1 Ne4 42. Qh4 Nxd6 43. Qxd8 Nxb7 44. e4 Rxd8 45. exf5 Nxa5 46. Kf2 Kf6 47. Rh1 Kxf5 48. Kg3 Ke4 49. Rh7 Nc6 50. Rh6 Nxd4 51. cxd4 Rc8 52. Kxg4 Rg8+ 53. Kh5 Kxf4 54. Ra6 Ke4 55. Rxa7 Kxd4 0-1

[Event "Catalunya-chT Gp1"]
[Site "Barcelona"]
[Date "2015.02.21"]
[Round "5.3"]
[White "Gonzalez Garcia, Marc"]
[Black "Aloma Vidal, Roberto"]
[Result "0-1"]
[WhiteElo "2236"]
[BlackElo "2418"]
[PlyCount "80"]
[EventDate "2015.01.24"]
[EventType "team-tourn"]
[EventRounds "7"]
[EventCountry "ESP"]
[SourceTitle "EXT 2016"]
[Source "ChessBase"]
[SourceDate "2015.10.08"]
[SourceVersion "1"]
[SourceVersionDate "2015.10.08"]
[SourceQuality "1"]
[WhiteTeam "Tres Peons"]
[BlackTeam "Barcelona Escola Escacs"]
[WhiteTeamCountry "ESP"]
[BlackTeamCountry "ESP"]

1. d4 Nf6 2. c4 e6 3. Nf3 Bb4+ 4. Bd2 Qe7 5. g3 Nc6 6. Nc3 d5 7. Bg2 0-0 8. a3 Bxc3 9. Bxc3 Ne4 10. Nd2 Nxd2 11. Qxd2 Rd8 12. cxd5 exd5 13. 0-0 Bf5 14. b3 a6 15. e3 h5 16. f3 Rd7 17. Rfe1 Bg6 18. Qb2 Re8 19. e4 dxe4 20. fxe4 h4 21. e5 hxg3 22. hxg3 Qg5 23. Qf2 Red8 24. Rad1 Ne7 25. Qf4 Qxf4 26. gxf4 Nd5 27. Bxd5 Rxd5 28. b4 Re8 29. Kf2 Re6 30. Rc1 Bf5 31. Rh1 Rc6 32. Rh5 g6 33. Rhh1 Rc4 34. Rhd1 Kf8 35. Rd2 Ke7 36. Kg3 Ke6 37. Rb2 b6 38. Rd2 c5 39. bxc5 bxc5 40. dxc5 Rxc3+ 0-1

[Event "Barcelona Vila de Gracia op 7th"]
[Site "Barcelona"]
[Date "2013.12.13"]
[Round "8"]
[White "Gonzalez Garcia, Marc"]
[Black "Munoz Pantoja, Miguel Angel"]
[Result "0-1"]
[WhiteElo "2229"]
[BlackElo "2460"]
[PlyCount "98"]
[EventDate "2013.10.11"]
[EventType "swiss"]
[EventRounds "9"]
[EventCountry "ESP"]
[SourceTitle "EXT 2015"]
[Source "ChessBase"]
[SourceDate "2014.11.20"]
[SourceVersion "1"]
[SourceVersionDate "2014.11.20"]
[SourceQuality "1"]

1. d4 Nf6 2. Bg5 c5 3. Bxf6 exf6 4. c3 Qb6 5. Qd2 cxd4 6. cxd4 d5 7. Nc3 Be6 8. e3 Nc6 9. Bb5 Bd6 10. Nge2 0-0 11. Bxc6 Qxc6 12. 0-0 Rfd8 13. Rfc1 Qa6 14. a3 Rac8 15. Ng3 Rc4 16. Nf1 Rdc8 17. Qd1 R4c7 18. Na2 Qb5 19. Rxc7 Rxc7 20. Qd2 Qb3 21. Nc3 b5 22. Qc1 Qc4 23. Qd1 b4 24. axb4 Qxb4 25. Qc2 Qb8 26. Qe2 Rb7 27. Ra2 Bb4 28. h3 g6 29. g4 Bxc3 30. bxc3 f5 31. f3 fxg4 32. hxg4 Bd7 33. Qh2 Qc8 34. Qh4 Bb5 35. Rh2 f5 36. gxf5 Qxf5 37. Qd8+ Kg7 38. Qh4 h5 39. Nd2 Qd3 40. Qg5 Qxc3 41. Qe5+ Kh7 42. Rxh5+ gxh5 43. Qxh5+ Kg7 44. Qg5+ Kf8 45. Qd8+ Be8 46. Qf6+ Bf7 47. Qd8+ Kg7 48. Qg5+ Bg6 49. Qe5+ Kh7 0-1

[Event "Barcelona Vila de Gracia op 7th"]
[Site "Barcelona"]
[Date "2013.11.29"]
[Round "7"]
[White "Gonzalez Garcia, Marc"]
[Black "Castillo Escario, Yolanda"]
[Result "1-0"]
[WhiteElo "2229"]
[BlackElo "2033"]
[PlyCount "61"]
[EventDate "2013.10.11"]
[EventType "swiss"]
[EventRounds "9"]
[EventCountry "ESP"]
[SourceTitle "EXT 2015"]
[Source "ChessBase"]
[SourceDate "2014.11.20"]
[SourceVersion "1"]
[SourceVersionDate "2014.11.20"]
[SourceQuality "1"]

1. c4 c6 2. e4 e5 3. Nf3 d6 4. d4 Nd7 5. Nc3 Ngf6 6. g3 Be7 7. Bg2 0-0 8. 0-0 Qc7 9. h3 Rd8 10. Qc2 Nf8 11. Be3 Be6 12. Qe2 Ne8 13. Rfc1 f5 14. dxe5 dxe5 15. Nd5 Bxd5 16. cxd5 fxe4 17. Nd2 Rxd5 18. Qc4 Kh8 19. Nxe4 Rdd8 20. b4 a6 21. a4 Nd6 22. Nxd6 Qxd6 23. b5 axb5 24. axb5 Ne6 25. Rxa8 Rxa8 26. bxc6 bxc6 27. Qxc6 Ra6 28. Qe8+ Bf8 29. Rc8 Kg8 30. Bc5 Nxc5 31. Bd5+ 1-0